Statistics for Top 10 Countries with the Most in the 23-24 Bundesliga

Click here to take the quiz!

General Stats

  • This quiz has been taken 40 times
  • The average score is 8 of 10

Answer Stats

#Country% Correct
258Germany
100%
30France
97%
11Switzerland
97%
27Austria
94%
11Netherlands
81%
11Belgium
78%
10Czech Republic
72%
12Denmark
69%
9United States
56%
10Croatia
50%

Score Distribution

Percentile by Number Answered

Percent of People with Each Score

Your Score History

You have not taken this quiz